000
00273nam a22001097a 4500
041
_a
ENG
245
_a
Method for Measurement Of Exhaust Smoke Emitted By Agricultural Tractors
260
_a
New Delhi
_b
BIS
_c
1987
300
_a
12
650
_a
BIS Code
856
_u
BIS Code
999
_c
2120
_d
2120